Refs Wankil - Statistiques

Statistiques générales
  • Ce quiz a été pris 206 fois
  • Le résultat moyen est 5 sur 16
Statistiques - réponses
Par images Réponse % Correct
Le rap du feutre
88%
La cabane à branlette
82%
Flantier !
73%
L'urètre de Laink
69%
Le disco-bus
53%
Poupou
36%
En mémoire de Grim
21%
Les devinettes
13%
Laink cuit un œuf sur sa tour
12%
Le tacos saucisse de Terracid
3%
Le trophée des 1 million volé
3%
Karaoké de Laink
1%
Terracid mange des tuc bleus
1%
Terracid qui se fait installer la fibre par Xavier Niel
1%
Top 10 des meilleurs accents
1%
Wankil Studio devient Ripple
1%
Aucun quiz correspondant
Distribution des résultats
% des personnes avec chaque résultat
Percentile par nombre de réponses
Votre historique - résultats
Vous n’avez pas pris ce quiz